Real Madrid or FC Barcelona players (2000-) - Statistics

General Stats
  • This quiz has been taken 60 times
  • The average score is 194 of 450
Answer Stats
Ranking Player Positions Nationality Matches Goals (assists) Periods Clubs % Correct
237 Kiko Casilla GK 30 0 (0) 2015-2018
100%
1 Lionel Messi RW 669 594 (257) 2004-2021
100%
16 Cristiano Ronaldo ST 393 416 (126) 2009-2018
98%
59 Ronaldo ST 161 96 (31) 2002-2007
98%
2 Iker Casillas GK 621 0 (0) 2000-2015
95%
8 Luka Modrić CM 528 38 (85) 2012-2025
95%
5 Sergio Ramos CB 598 87 (39) 2005-2021
95%
4 Xavi CM 612 68 (161) 2000-2015
95%
6 Andrés Iniesta CM 575 46 (114) 2002-2018
93%
12 Carles Puyol CB 484 15 (13) 2000-2014
93%
30 Federico Valverde CM 277 23 (30) 2018-2025
93%
7 Karim Benzema ST 572 316 (137) 2009-2023
93%
17 Marc-André ter Stegen GK 384 0 (2) 2014-2025
93%
11 Marcelo LB 488 35 (96) 2006-2022
93%
3 Sergio Busquets DM 617 16 (42) 2008-2023
93%
14 Toni Kroos CM 416 27 (91) 2014-2024
93%
28 Casemiro DM 295 30 (23) 2012-2013, 2015-2023
91%
21 Dani Alves RB 341 20 (89) 2008-2015, 2021-2022
91%
173 Denis Suárez AM 52 3 (8) 2016-2019
91%
9 Gerard Piqué CB 526 45 (10) 2008-2023
91%
39 Gonzalo Higuaín ST 238 115 (51) 2006-2013
91%
36 Ivan Rakitic CM 260 30 (35) 2014-2020
91%
43 Luís Figo RW 222 54 (83) 2000-2005
91%
38 Luis Suárez ST 246 169 (100) 2014-2020
91%
22 Raphaël Varane CB 319 10 (7) 2011-2021
91%
49 Samuel Eto'o ST 182 124 (36) 2004-2009
91%
10 Víctor Valdés GK 498 0 (1) 2002-2014
91%
42 Frenkie de Jong CM 229 15 (19) 2019-2025
88%
106 James Rodríguez AM 107 31 (33) 2014-2016, 2019-2020
88%
32 Javier Mascherano DM 271 1 (4) 2010-2018
88%
15 Jordi Alba LB 397 21 (82) 2012-2023
88%
372 Luca Zidane GK 2 0 (0) 2017-2019
88%
58 Neymar AM 163 89 (68) 2013-2017
88%
33 Pedro RW 264 73 (53) 2007-2015
88%
27 Pepe CB 300 14 (17) 2007-2017
88%
26 Roberto Carlos LB 301 39 (59) 2000-2007
88%
35 Thibaut Courtois GK 260 0 (0) 2018-2025
88%
45 Xabi Alonso DM 205 4 (28) 2009-2014
88%
47 Zinédine Zidane AM 200 46 (63) 2001-2006
88%
57 Ángel Di María RW 163 30 (75) 2010-2014
86%
18 Daniel Carvajal RB 377 12 (55) 2013-2025
86%
71 David Beckham CM 142 15 (45) 2003-2007
86%
50 Ferland Mendy LB 181 5 (9) 2019-2025
86%
41 Gareth Bale RW 233 97 (60) 2013-2019, 2021-2022
86%
70 Keylor Navas GK 143 0 (0) 2014-2019
86%
245 Luuk de Jong ST 28 6 (1) 2021-2022
86%
78 Mesut Özil AM 136 23 (69) 2010-2014
86%
52 Pedri CM 177 22 (18) 2020-2025
86%
13 Raúl CF 422 172 (78) 2000-2010
86%
40 Rodrygo RW 236 57 (44) 2019-2025
86%
206 Zlatan Ibrahimović ST 39 20 (11) 2009-2010
86%
92 Aurélien Tchouaméni DM 121 3 (5) 2022-2025
84%
64 Eduardo Camavinga CM 154 3 (10) 2021-2025
84%
118 Lamine Yamal RW 96 19 (28) 2022-2025
84%
24 Sergi Roberto CM 309 15 (37) 2010-2024
84%
98 Alexis Sánchez ST 112 41 (33) 2011-2014
81%
116 Brahim Díaz RW 98 17 (13) 2018-2019, 2023-2025
81%
438 Carlos Sánchez GK 1 0 (0) 2001-2002
81%
217 César Sánchez GK 36 0 (0) 2000-2005
81%
110 David Alaba CB 105 4 (8) 2021-2025
81%
422 David Sánchez CM 1 0 (0) 2002-2003
81%
145 Eden Hazard LW 71 6 (11) 2019-2023
81%
76 Gavi CM 138 7 (12) 2021-2025
81%
19 Guti CM 372 52 (76) 2000-2010
81%
354 Javi Sánchez CB 3 0 (0) 2018-2019
81%
128 Jude Bellingham AM 83 35 (23) 2023-2025
81%
200 Marcos Alonso LB 40 3 (0) 2009-2010, 2022-2024
81%
142 Mariano Díaz ST 72 8 (2) 2016-2017, 2018-2023
81%
81 Robert Lewandowski ST 132 89 (18) 2022-2025
81%
48 Ronaldinho LW 187 88 (62) 2003-2008
81%
298 Víctor Sánchez CM 11 0 (0) 2007-2009
81%
219 Aleix Vidal RW 35 3 (5) 2015-2018
79%
319 Álvaro Rodríguez ST 7 1 (1) 2022-2024
79%
85 Antonio Rüdiger CB 130 5 (4) 2022-2025
79%
126 Arturo Vidal CM 84 11 (11) 2018-2020
79%
445 Dani Rodríguez LW 1 0 (0) 2024-2025
79%
63 Éder Militão CB 155 9 (6) 2019-2025
79%
111 Eric García CB 103 5 (4) 2021-2025
79%
25 Isco AM 308 43 (51) 2013-2022
79%
366 José Rodríguez CM 2 0 (0) 2012-2013
79%
90 Jules Koundé RB 122 4 (13) 2022-2025
79%
329 Rodri CB 6 0 (0) 2004-2006
79%
283 Theo Hernández LB 16 0 (2) 2017-2018
79%
31 Vinicius Junior LW 274 90 (65) 2018-2025
79%
46 Álvaro Arbeloa RB 202 6 (14) 2004-2005, 2009-2016
77%
165 Arjen Robben RW 61 12 (13) 2007-2009
77%
224 Dani García ST 34 3 (3) 2000-2003
77%
150 Fran García LB 69 1 (8) 2023-2025
77%
337 Gonzalo García ST 5 0 (1) 2023-2025
77%
264 Javi García DM 23 0 (2) 2004-2006, 2008-2009
77%
235 Luis García RW 31 6 (9) 2003-2004
77%
37 Marco Asensio AM 250 49 (29) 2016-2023
77%
119 Mateo Kovacic CM 94 3 (8) 2015-2018
77%
258 Pablo García DM 26 0 (0) 2005-2006
77%
124 Ruud van Nistelrooy ST 87 59 (16) 2006-2010
77%
77 Sami Khedira CM 136 7 (9) 2010-2015
77%
317 Sergio García ST 8 1 (1) 2002-2004
77%
123 Antoine Griezmann CF 90 26 (12) 2019-2022
74%
188 Arda Güler AM 45 9 (5) 2023-2025
74%
112 David Villa ST 103 41 (22) 2010-2013
74%
60 Éric Abidal LB 160 0 (10) 2007-2013
74%
97 Fabio Cannavaro CB 113 0 (0) 2006-2009
74%
101 Kaká AM 109 28 (38) 2009-2013
74%
20 Lucas Vázquez RB 354 30 (62) 2015-2025
74%
23 Nacho Fernández CB 312 14 (9) 2010-2011, 2012-2024
74%
266 Pablo Torre AM 23 4 (1) 2022-2023, 2024-2025
74%
44 Rafa Márquez CB 207 10 (7) 2003-2010
74%
86 Raphinha LW 128 48 (43) 2022-2025
74%
65 Ronald Araujo CB 151 9 (6) 2019-2025
74%
96 Samuel Umtiti CB 113 2 (1) 2016-2022
74%
355 Víctor Vázquez AM 3 1 (0) 2007-2008, 2010-2011
74%
114 Yaya Touré CM 101 5 (7) 2007-2010
74%
179 Andriy Lunin GK 49 0 (1) 2021-2025
72%
91 Cesc Fàbregas CM 122 31 (40) 2011-2014
72%
75 Ferran Torres ST 139 36 (20) 2021-2025
72%
56 Ousmane Dembélé RW 163 32 (38) 2017-2023
72%
108 Thierry Henry ST 106 43 (26) 2007-2010
72%
166 Wesley Sneijder AM 61 11 (11) 2007-2009
72%
100 Alejandro Balde LB 112 1 (16) 2021-2025
70%
147 Claudio Bravo GK 70 0 (0) 2014-2017
70%
125 Fábio Coentrão LB 86 1 (10) 2011-2014, 2016-2017
70%
93 Fernando Hierro CB 120 11 (4) 2000-2003
70%
322 Juanfran Torres RB 6 0 (1) 2003-2005
70%
183 Kylian Mbappé ST 48 38 (4) 2024-2025
70%
202 Memphis Depay ST 40 14 (2) 2021-2023
70%
198 Michael Owen ST 41 14 (3) 2004-2005
70%
167 Miguel Torres RB 59 0 (3) 2006-2009
70%
55 Patrick Kluivert ST 164 78 (34) 2000-2004
70%
120 Philippe Coutinho AM 94 20 (13) 2017-2018, 2020-2022
70%
115 Raúl Bravo CB 99 4 (2) 2001-2007
70%
154 Sergiño Dest RB 67 3 (4) 2020-2022
70%
377 Xavi Torres DM 2 0 (0) 2008-2009
70%
144 Andreas Christensen CB 71 4 (3) 2022-2025
67%
82 Claude Makélélé DM 132 2 (7) 2000-2003
67%
72 Clément Lenglet CB 140 5 (2) 2018-2022
67%
66 Dani Ceballos CM 150 6 (7) 2017-2018, 2021-2025
67%
162 Diego López GK 63 0 (0) 2005-2006, 2012-2014
67%
136 Fermín López AM 78 17 (10) 2023-2025
67%
103 Lassana Diarra DM 108 1 (6) 2008-2013
67%
99 Mahamadou Diarra DM 112 4 (4) 2006-2011
67%
61 Seydou Keita CM 158 19 (11) 2008-2012
67%
296 Achraf Hakimi RB 11 2 (0) 2017-2018
65%
409 Adrián Martín AM 1 0 (0) 2005-2006
65%
447 Álex Fernández CM 1 0 (0) 2010-2011
65%
189 Arda Turan LW 44 9 (7) 2015-2017
65%
251 Borja Fernández DM 27 0 (1) 2003-2005
65%
88 Gerard López CM 124 8 (6) 2000-2005
65%
216 Gerard Martín LB 36 1 (6) 2024-2025
65%
184 İlkay Gündoğan CM 46 5 (13) 2023-2024
65%
384 Jesús Fernández GK 2 0 (0) 2010-2011, 2012-2013
65%
194 João Cancelo RB 42 4 (5) 2023-2024
65%
349 Jordi López CM 3 0 (0) 2003-2004
65%
187 Luka Jović ST 45 3 (4) 2019-2022
65%
386 Mario Martín DM 2 0 (0) 2023-2024
65%
280 Maxi López ST 17 1 (3) 2004-2006
65%
306 Óscar López RB 10 0 (1) 2002-2004
65%
160 Iñigo Martínez CB 63 2 (6) 2023-2025
63%
260 Pierre-Emerick Aubameyang ST 24 13 (1) 2021-2023
63%
138 Rafinha AM 74 9 (5) 2011-2012, 2014-2016, 2018-2020
63%
89 Robinho LW 122 30 (26) 2005-2008
63%
201 Thomas Vermaelen CB 40 1 (1) 2014-2015, 2017-2019
63%
95 Fernando Morientes ST 118 36 (13) 2000-2005
60%
172 Henrik Larsson ST 54 15 (6) 2004-2006
60%
244 Michael Essien DM 28 2 (1) 2012-2013
60%
249 Miralem Pjanić CM 27 0 (0) 2020-2021
60%
383 Rubén Martínez GK 2 0 (0) 2004-2005
60%
134 Álvaro Morata ST 78 29 (9) 2010-2013, 2016-2017
58%
220 Dani Olmo AM 34 12 (5) 2024-2025
58%
69 Deco AM 145 17 (41) 2004-2008
58%
271 Emmanuel Adebayor ST 20 7 (0) 2010-2011
58%
373 Jesús Olmo CB 2 0 (0) 2005-2007
58%
308 Lucas Silva DM 9 0 (0) 2014-2015
58%
107 Nélson Semedo RB 106 2 (8) 2017-2020
58%
163 Ricardo Carvalho CB 62 3 (2) 2010-2013
58%
117 Steve McManaman RM 96 9 (13) 2000-2003
58%
161 André Gomes CM 63 3 (2) 2016-2018
56%
102 Ansu Fati LW 109 25 (9) 2019-2025
56%
84 Bojan Krkic CF 130 31 (14) 2007-2011
56%
121 Eidur Gudjohnsen ST 92 13 (10) 2006-2009
56%
236 Endrick ST 31 2 (1) 2024-2025
56%
74 Frank de Boer CB 139 5 (9) 2000-2003
56%
146 Gianluca Zambrotta RB 71 3 (5) 2006-2008
56%
207 João Félix CF 39 10 (4) 2023-2024
56%
148 Pau Cubarsí CB 70 0 (4) 2023-2025
56%
113 Raúl Albiol CB 102 2 (1) 2009-2013
56%
133 Rivaldo AM 79 45 (18) 2000-2002
56%
135 Thiago Alcántara CM 78 7 (10) 2008-2013
56%
265 Wojciech Szczesny GK 23 0 (0) 2024-2025
56%
272 Adama Traoré RW 19 0 (4) 2013-2014, 2021-2022
53%
79 Giovanni van Bronckhorst LB 135 5 (14) 2003-2007
53%
270 Klaas-Jan Huntelaar ST 20 8 (0) 2008-2009
53%
300 Martin Ødegaard AM 10 0 (0) 2014-2015, 2020-2021
53%
164 Arthur Melo DM 61 3 (5) 2018-2020
51%
104 Fernando Gago DM 108 1 (11) 2006-2011
51%
213 Franck Kessié CM 36 2 (1) 2022-2023
51%
53 Javier Saviola CF 177 67 (28) 2001-2003, 2006-2009
51%
83 Marc Overmars LW 131 17 (20) 2000-2004
51%
178 Martin Braithwaite ST 50 8 (5) 2019-2022
51%
139 Maxwell LB 74 0 (8) 2009-2012
51%
180 Sávio LW 49 6 (13) 2000-2002
51%
67 Adriano LB 148 10 (18) 2010-2016
49%
233 Chicharito ST 31 8 (7) 2014-2015
49%
175 Danilo CB 51 3 (9) 2015-2017
49%
211 Lucas Digne LB 36 1 (2) 2016-2018
49%
29 Míchel Salgado RB 288 5 (17) 2000-2009
49%
54 Phillip Cocu DM 176 16 (6) 2000-2004
49%
80 Thiago Motta DM 133 9 (10) 2001-2007
49%
176 Alex Song DM 51 1 (0) 2012-2014
47%
278 Edgar Davids CM 18 1 (1) 2003-2004
47%
231 Giovani dos Santos CF 33 4 (8) 2007-2008
47%
342 Jerzy Dudek GK 4 0 (0) 2007-2008, 2010-2011
47%
279 Jonathan dos Santos DM 18 0 (0) 2009-2014
47%
230 Mark van Bommel CM 33 3 (7) 2005-2006
47%
282 Neto GK 16 0 (0) 2019-2022
47%
389 Willian José ST 1 0 (0) 2013-2014
47%
256 Aleksandr Hleb AM 26 0 (3) 2008-2009
44%
34 Iván Helguera CB 262 31 (13) 2000-2007
44%
140 Jérémy Mathieu LB 74 3 (2) 2014-2017
44%
186 Joselu ST 46 16 (2) 2010-2011, 2023-2024
44%
190 Paulinho CM 43 9 (3) 2017-2018
44%
153 Rafael van der Vaart AM 68 11 (13) 2008-2010
44%
169 Royston Drenthe LM 57 3 (5) 2007-2010
44%
170 Gabriel Heinze CB 55 3 (3) 2007-2009
42%
159 Gabriel Milito CB 64 1 (1) 2007-2008, 2009-2011
42%
204 Juan Román Riquelme AM 40 4 (9) 2002-2003
42%
254 Ricardo Quaresma RW 26 1 (2) 2003-2004
42%
261 Antonio Cassano CF 24 2 (3) 2005-2007
40%
313 Jasper Cillessen GK 8 0 (0) 2016-2019
40%
248 Jesús Vallejo CB 27 1 (1) 2017-2018, 2021-2022, 2024-2025
40%
87 Luis Enrique RM 126 39 (19) 2000-2004
40%
234 Pep Guardiola DM 31 2 (11) 2000-2001
40%
332 Sergio Agüero ST 5 1 (0) 2021-2022
40%
321 Alphonse Areola GK 6 0 (0) 2019-2020
37%
369 Diego Llorente CB 2 0 (0) 2012-2014
37%
218 Francisco Trincão RW 35 3 (2) 2020-2021
37%
307 Hamit Altıntop RM 9 1 (0) 2011-2012
37%
212 Iñaki Peña GK 36 0 (0) 2022-2025
37%
295 Iván de la Peña AM 12 0 (2) 2000-2001
37%
259 Marcos Llorente RM 25 0 (0) 2015-2016, 2017-2019
37%
232 Raúl Asencio CB 33 0 (2) 2024-2025
37%
203 Álvaro Odriozola RB 40 2 (5) 2018-2020, 2022-2023
35%
171 Esteban Cambiasso DM 55 0 (5) 2002-2004
35%
242 Ibrahim Afellay AM 28 1 (1) 2010-2011, 2013-2014
35%
132 Jesé LW 80 14 (13) 2011-2012, 2013-2016
35%
350 Kevin-Prince Boateng AM 3 0 (0) 2018-2019
35%
177 Lilian Thuram CB 51 0 (1) 2006-2008
35%
105 Ludovic Giuly RW 108 23 (12) 2004-2007
35%
210 Marc Casadó DM 38 1 (5) 2022-2025
35%
193 Paco Alcácer ST 42 11 (8) 2016-2018
35%
333 Yerry Mina CB 5 0 (1) 2017-2018
35%
157 José Callejón RW 64 15 (5) 2011-2013
33%
122 Juliano Belletti RB 91 1 (10) 2004-2007
33%
131 Marc Bartra CB 81 5 (6) 2009-2016
33%
407 Matheus Fernandes DM 1 0 (0) 2020-2021
33%
94 Michael Reiziger RB 119 0 (5) 2000-2004
33%
267 Rubén de la Red CM 21 1 (1) 2005-2006, 2008-2009
33%
288 Vitor Roque ST 14 2 (0) 2023-2024
33%
137 Asier Illarramendi DM 77 2 (1) 2013-2015
30%
339 Denis Cheryshev LW 5 0 (1) 2015-2016
30%
388 Fran González GK 1 0 (0) 2024-2025
30%
291 Jonathan Woodgate CB 12 1 (0) 2005-2006
30%
221 Junior Firpo LB 34 2 (3) 2019-2021
30%
277 Malcom AM 18 2 (2) 2018-2019
30%
195 Munir El Haddadi RW 42 5 (7) 2014-2016, 2018-2019
30%
222 Nico González CM 34 2 (1) 2021-2022
30%
215 Oriol Romeu DM 36 0 (1) 2010-2011, 2023-2024
30%
51 Santiago Solari LM 178 17 (13) 2000-2005
30%
196 Thomas Gravesen DM 42 1 (0) 2004-2006
30%
214 Walter Samuel CB 36 2 (2) 2004-2005
30%
428 Abraham González CM 1 0 (0) 2008-2009
28%
246 Christoph Metzelder CB 27 0 (1) 2007-2010
28%
130 Esteban Granero CM 82 4 (9) 2009-2012
28%
197 José Manuel Pinto GK 42 0 (0) 2007-2008, 2010-2014
28%
314 Nuri Şahin DM 8 0 (0) 2011-2012
28%
199 Pepe Reina GK 41 0 (0) 2000-2002
28%
273 Roberto Soldado ST 19 3 (0) 2005-2006, 2007-2008
28%
311 Rubén González CB 9 0 (0) 2000-2004
28%
449 Andrés Cuenca CB 1 0 (0) 2024-2025
26%
240 Ezequiel Garay CB 29 1 (3) 2009-2011
26%
395 Fabinho DM 1 0 (1) 2012-2013
26%
262 Isaac Cuenca LW 23 2 (10) 2011-2012
26%
427 Juanfran Moreno RB 1 0 (0) 2009-2010
26%
62 Oleguer CB 158 1 (1) 2002-2008
26%
182 Riqui Puig CM 48 2 (2) 2018-2022
26%
285 Boudewijn Zenden LW 15 0 (3) 2000-2001
23%
223 Emerson DM 34 1 (3) 2006-2007
23%
228 Emmanuel Petit DM 33 1 (0) 2000-2001
23%
330 Héctor Bellerín RB 5 0 (0) 2022-2023
23%
348 Marc Bernal DM 3 0 (0) 2024-2025
23%
174 Martín Montoya RB 52 2 (7) 2010-2015
23%
168 Óscar Mingueza RB 58 2 (4) 2020-2022
23%
276 Sergio Reguilón LB 18 0 (3) 2018-2019
23%
420 Sergio Santos RB 1 0 (0) 2021-2022
23%
290 Carles Pérez RW 12 2 (3) 2018-2020
21%
252 Héctor Fort RB 27 0 (2) 2023-2025
21%
399 Jotha Pérez AM 1 0 (0) 2004-2005
21%
149 Júlio Baptista AM 69 12 (6) 2005-2006, 2007-2008
21%
310 Yusuf Demir RW 9 0 (0) 2021-2022
21%
152 Cristian Tello LW 68 15 (9) 2011-2014
19%
360 Douglas RB 3 0 (0) 2014-2016
19%
127 Edmílson DM 84 0 (2) 2004-2008
19%
73 Francisco Pavón CB 140 1 (2) 2000-2006
19%
274 Gerard Deulofeu ST 18 1 (1) 2011-2012, 2017-2018
19%
275 Kepa Arrizabalaga GK 18 0 (0) 2023-2024
19%
338 Marc Guiu ST 5 2 (0) 2023-2024
19%
284 Martín Cáceres CB 16 0 (0) 2008-2009
19%
303 Miguel Gutiérrez LB 10 0 (2) 2020-2022
19%
320 Nico Paz AM 7 1 (0) 2023-2024
19%
226 Simão LW 34 2 (6) 2000-2001
19%
109 Sylvinho LB 106 3 (10) 2004-2009
19%
253 Borja Mayoral ST 26 4 (3) 2015-2016, 2017-2018, 2020-2021
16%
229 Francesco Coco LB 33 0 (2) 2001-2002
16%
68 Gabri DM 147 8 (6) 2000-2006
16%
286 Ilaix Moriba CM 15 1 (3) 2020-2021
16%
225 José Antonio Reyes RW 34 7 (3) 2006-2007
16%
247 Patrik Andersson CB 27 1 (0) 2001-2004
16%
436 Pedro Mendes CB 1 0 (0) 2011-2012
16%
353 Robert Enke GK 3 0 (0) 2002-2003
16%
263 Sandro Ramírez ST 23 3 (1) 2014-2016
16%
336 Sergi Domínguez CB 5 0 (0) 2024-2025
16%
294 Abde Ezzalzouli LW 12 1 (0) 2021-2022, 2023-2024
14%
297 Antonio Adán GK 11 0 (0) 2010-2013
14%
227 Carles Aleñá CM 33 2 (0) 2016-2017, 2018-2021
14%
243 Cicinho RB 28 2 (5) 2005-2007
14%
379 Ilias Akhomach RW 2 0 (0) 2021-2022
14%
301 Javier Balboa RW 10 1 (1) 2005-2006, 2007-2008
14%
365 Jeison Murillo CB 2 0 (0) 2018-2019
14%
406 Juan Miranda LB 1 0 (0) 2018-2019
14%
287 Juan Pablo Sorín LB 15 1 (0) 2002-2003
14%
374 Konrad de la Fuente LW 2 0 (0) 2020-2021
14%
312 Manolo Sanchís CB 8 0 (0) 2000-2001
14%
209 Njitap Geremi RM 38 1 (5) 2000-2002
14%
250 Pau Víctor ST 27 2 (1) 2024-2025
14%
302 Pedro León RW 10 1 (0) 2010-2011
14%
318 Rüştü Reçber GK 7 0 (0) 2003-2004
14%
293 Sergio Canales AM 12 0 (1) 2010-2011
14%
326 Antonio Blanco DM 6 0 (0) 2020-2022
12%
155 Flávio Conceição CM 66 1 (2) 2000-2003
12%
185 Gaizka Mendieta RM 46 5 (6) 2002-2003
12%
255 Jeffrén RW 26 3 (1) 2008-2011
12%
268 Richard Dutruel GK 21 0 (0) 2000-2001
12%
143 Roberto Bonano GK 72 0 (0) 2001-2003
12%
205 Abelardo CB 40 1 (2) 2000-2002
9%
405 Abel Ruiz ST 1 0 (0) 2018-2019
9%
156 Aitor Karanka CB 66 0 (0) 2000-2002
9%
129 Albert Celades DM 83 3 (3) 2000-2002, 2004-2005
9%
304 Andreu Fontàs CB 10 1 (1) 2009-2012
9%
433 Chadi Riad CB 1 0 (0) 2022-2023
9%
289 Dmytro Chygrynskyi CB 12 0 (0) 2009-2010
9%
208 Geovanni AM 39 2 (3) 2001-2003
9%
269 Iván Campo DM 20 0 (0) 2000-2002
9%
192 Javier Portillo ST 43 8 (1) 2001-2005
9%
429 Jordi Masip GK 1 0 (0) 2014-2015
9%
378 Nolito LW 2 0 (0) 2010-2011
9%
392 Omar Mascarell DM 1 0 (0) 2012-2013
9%
437 Pablo Sarabia RW 1 0 (0) 2010-2011
9%
191 Philippe Christanval CB 43 0 (1) 2001-2003
9%
440 Ramón Ros DM 1 0 (0) 2003-2004
9%
151 Sergi Barjuan LB 69 1 (5) 2000-2002
9%
371 Álex Collado AM 2 0 (0) 2018-2020
7%
241 Alfonso ST 29 2 (1) 2000-2002
7%
334 Dani Parejo CM 5 0 (0) 2008-2009
7%
324 Demetrio Albertini DM 6 0 (0) 2004-2005
7%
358 Emerson Royal RB 3 0 (0) 2021-2022
7%
238 Fernando Navarro LB 30 1 (1) 2001-2002, 2004-2005
7%
327 Ferran Jutglà ST 6 1 (0) 2021-2022
7%
335 Jean-Clair Todibo CB 5 0 (0) 2018-2020
7%
394 Juan Cámara AM 1 0 (0) 2015-2016
7%
368 Julien Faubert RB 2 0 (0) 2008-2009
7%
340 Sergi Samper DM 4 0 (0) 2014-2016
7%
305 Albert Jorquera GK 10 0 (0) 2003-2005, 2007-2009
5%
331 Alberto Rivera CM 5 0 (0) 2000-2001
5%
351 Álvaro Medrán CM 3 1 (0) 2014-2015
5%
181 Álvaro Mejía CB 48 1 (0) 2003-2007
5%
345 Ángel Alarcón LW 4 0 (0) 2022-2023
5%
299 Antonio Núñez RW 10 1 (0) 2003-2004
5%
411 Borja Valero CM 1 0 (0) 2006-2007
5%
281 Carlos Diogo RB 17 0 (0) 2005-2006
5%
450 Daniel Yáñez RW 1 0 (0) 2024-2025
5%
448 Estanis Pedrola LW 1 0 (0) 2021-2022
5%
158 Fábio Rochemback CM 64 3 (5) 2001-2003
5%
316 Francesc Arnau GK 8 0 (0) 2000-2001
5%
347 Jacobo Ramón CB 4 1 (0) 2024-2025
5%
367 Jean Marie Dongou ST 2 0 (0) 2013-2014
5%
408 Jordi Codina GK 1 0 (0) 2007-2008
5%
380 Lorenzo Aguado RB 2 0 (0) 2024-2025
5%
414 Ludovic Sylvestre CM 1 0 (1) 2005-2006
5%
417 Marc Cardona ST 1 0 (0) 2016-2017
5%
346 Marc Muniesa CB 4 0 (0) 2008-2009, 2011-2012
5%
376 Mario Gila CB 2 0 (0) 2021-2022
5%
352 Marlon CB 3 0 (0) 2016-2017
5%
444 Oier Olazábal GK 1 0 (0) 2008-2009
5%
415 Pedro Mosquera CM 1 0 (0) 2009-2010
5%
141 Pedro Munitis CF 73 5 (11) 2000-2002
5%
361 Peter Federico RW 3 0 (0) 2021-2022
5%
239 Santiago Ezquerro ST 30 4 (2) 2005-2008
5%
292 Sergio Arribas AM 12 0 (0) 2020-2021, 2022-2023
5%
426 Tomás Mejías GK 1 0 (0) 2010-2011
5%
315 Tote AM 8 1 (0) 2000-2001, 2002-2003
5%
375 Víctor Chust CB 2 0 (0) 2020-2021
5%
396 Wilfrid Kaptoum CM 1 0 (0) 2015-2016
5%
419 Alberto Botía CB 1 0 (0) 2008-2009
2%
343 Alberto Bueno CF 4 0 (0) 2008-2009
2%
435 Aleix Garrido CM 1 0 (0) 2022-2023
2%
357 Álvaro Sanz DM 3 0 (0) 2021-2023
2%
401 Álvaro Tejero RB 1 0 (0) 2016-2017
2%
402 Andrea Orlandi CM 1 0 (0) 2005-2006
2%
432 Carles Planas LB 1 0 (0) 2012-2013
2%
439 Carlos Aranda ST 1 0 (0) 2001-2002
2%
387 Chema Andrés CM 2 0 (0) 2024-2025
2%
404 Cristo CF 1 0 (0) 2018-2019
2%
309 Damià Abella RB 9 0 (1) 2004-2005
2%
381 Dani Tortolero CB 2 0 (0) 2002-2003
2%
418 David Mateos CB 1 0 (0) 2010-2011
2%
434 Elvir Baljic LW 1 0 (0) 2001-2002
2%
430 Fali RB 1 0 (0) 2007-2008
2%
423 Gary Kagelmacher CB 1 0 (0) 2008-2009
2%
323 Gerard Gumbau DM 6 0 (0) 2015-2016
2%
359 Hugo Duro ST 3 0 (0) 2020-2021
2%
446 Javi Martos CB 1 0 (0) 2005-2006
2%
397 Javito RW 1 0 (0) 2004-2005
2%
398 Joan Verdú AM 1 0 (0) 2004-2005
2%
442 Jofre Mateu LW 1 0 (0) 2001-2002
2%
410 José Manuel Arnáiz LW 1 0 (0) 2017-2018
2%
341 José Manuel Jurado AM 4 0 (0) 2005-2006
2%
431 José Manuel Rueda CM 1 0 (0) 2007-2008
2%
390 Juankar LB 1 0 (0) 2010-2011
2%
403 Júlio César CB 1 0 (0) 2000-2001
2%
421 Marc Crosas DM 1 0 (0) 2007-2008
2%
416 Marcos Tébar DM 1 0 (0) 2008-2009
2%
382 Mario Abrante CB 2 0 (0) 2003-2004
2%
393 Martí Riverola CM 1 0 (0) 2011-2012
2%
344 Marvin Park RB 4 0 (1) 2020-2021
2%
356 Miguel Ángel Nieto LW 3 0 (0) 2006-2007
2%
362 Miguel Palanca AM 3 0 (0) 2008-2009
2%
370 Miguel Palencia RB 2 0 (0) 2004-2005
2%
424 Mika Mármol CB 1 0 (0) 2021-2022
2%
400 Monchu CM 1 0 (0) 2019-2020
2%
325 Moussa Wagué RB 6 0 (0) 2018-2020
2%
364 Nano LB 3 0 (0) 2002-2003
2%
257 Óscar Miñambres RB 26 0 (6) 2001-2004
2%
413 Paco Montañés LW 1 0 (0) 2005-2006
2%
391 Patric CB 1 0 (0) 2013-2014
2%
443 Pitu CM 1 0 (0) 2005-2006
2%
412 Ramón Masó CB 1 0 (0) 2005-2006
2%
441 Roberto Trashorras CM 1 0 (0) 2001-2002
2%
328 Sergio Santamaría RW 6 0 (0) 2000-2001, 2003-2004
2%
363 Valdo RW 3 0 (1) 2001-2002
2%
385 Víctor Muñoz LW 2 0 (0) 2024-2025
2%
425 Juanmi Latasa ST 1 0 (0) 2021-2022
0%
No matching quizzes found
Score Distribution
Percent of People with Each Score
Percentile by Number Answered
Your Score History
You have not taken this quiz